| 000 | 00389nam a2200145 a 4500 | ||
|---|---|---|---|
| 001 | 2587 | ||
| 003 | CDMR | ||
| 005 | 20130116135233.0 | ||
| 008 | 130130s1995||||||||||||||||||||||||||||d | ||
| 040 |
_aCDMR _bcat _cCPC LLEIDA |
||
| 100 | 1 |
_aAgustí Farreny, Alfred _91580 |
|
| 245 | 1 | 0 |
_aLlengua i església a la Lleida del XVI al XVIII _cAGUSTÍ, Alfred |
| 260 |
_aLleida _c1995 _bUdL |
||
| 942 | _cMON | ||
| 999 |
_c2587 _d2587 |
||